000 00598nam a2200193Ia 4500
005 20260114185726.0
008 008 260114s9999 xx 000 0 eng d
020 _a9781350250215
037 _aEBOOK
040 _aCRL
_beng
_cCRL
041 _aeng
_2eng
084 _qCRL
100 _aCaitlin E. Stobie
_9873620
245 0 _aAbortion Ecologies in Southern African Fiction Transforming Reproductive Agency
260 _bBloomsbury
_c2023
856 _uhttps://doi.org/10.5040/9781350250215?locatt=label:secondary_bloomsburyCollections
942 _cEBOOK
999 _c1472568
_d1472568